000 01498nam a22002777a 4500
003 AR-RoUNCS
005 20260306131041.0
007 ta
008 160802s2015 ag gr 001 f spa
015 _aAR-2015
020 _a978-950-46-4483-5
040 _aAR-BaBN
_bspa
_cAR-RoUNCS
_eaacr
044 _aag
_car-c
080 1 _a82-312.4(82)
_22016
100 1 _aFerrari, Andrea,
_d1961-
_eautora
245 1 4 _aLas marcas de la mentira /
_cAndrea Ferrari.
250 _a1a ed.
260 _aCiudad Autónoma de Buenos Aires :
_bLoqueleo,
_c2015.
300 _a218 p. ;
_c22 cm.
490 0 _aSerie Roja. Sol de Noche ;
_v2
520 3 _aUn auto se desbarranca en una ruta turística y cae al vacío. Cuando logran recuperarlo encuentran en su interior el cadáver de un hombre que lleva en la espalda el tatuaje de una enorme águila. ¿Quién es realmente? ¿Qué esconde? Convertida ya en periodista, Sol Linares se sumerge esta vez en una historia donde nada es lo que parece, que rápidamente domina las pantallas y las tapas de los diarios. Quien le tiende una mano es nuevamente A.L.Timón, ese inquietante personaje que sabe mucho y se niega a revelar su identidad. Para Sol será también el momento de enfrentar la historia de una madre a quien casi no conoció y las extrañas circunstancias que rodearon su muerte. (Descripción del editor)
650 7 _2embne
_aLiteratura argentina
655 7 _aNovelas policiacas
_2embne
655 7 _aNovelas juveniles
_2embne
942 _2udc
_cOG
_n0
999 _c948
_d948